Paesi confinanti - Statistics

Statistiche generali
  • Questo quiz è stato fatto 69 volte
    61 dall'ultimo reset
  • Il punteggio medio è 40 su 45
Statistiche sulle risposte
Domanda Casella Select % Corretto
Sudafrica Algeria No
98%
Thailandia Mongolia No
98%
Sudafrica Repubblica democratica del Congo No
98%
Argentina Saint Kitts e Nevis No
98%
Argentina Trinidad e Tobago No
98%
Argentina Colombia No
97%
Arabia saudita Emirati Arabi uniti
97%
Sudafrica Lesoto
97%
Sudafrica Madagascar No
97%
Germania Spagna No
97%
Argentina Uruguay
97%
Argentina Venezuela No
97%
Germania Austria
95%
Germania Bielorussia No
95%
Argentina Cile
95%
Germania Francia
95%
Arabia saudita Afghanistan No
93%
Arabia saudita Oman
93%
Arabia saudita Turchia No
93%
Argentina Brasile
91%
Thailandia India No
91%
Germania Italia No
91%
Arabia saudita Yemen
91%
Thailandia Laos
90%
Germania Lussemburgo
90%
Argentina Paraguay
90%
Germania Polonia
90%
Arabia saudita Qatar
90%
Sudafrica Botswana
88%
Thailandia Cambogia
88%
Germania Paesi bassi
88%
Thailandia Myanmar
86%
Sudafrica Namibia
86%
Argentina Perù No
86%
Sudafrica Angola No
84%
Arabia saudita Israele No
84%
Germania Belgio
78%
Thailandia Indonesia No
78%
Arabia saudita Kuwait
78%
Sudafrica Mozambico
78%
Arabia saudita Iran No
72%
Sudafrica Zimbabwe
72%
Thailandia Malesia
69%
Thailandia Cina No
60%
Thailandia Vietnam No
55%
Nessun quiz corrispondente trovato
Distribuzione punteggi
Percentuale di utenti per punteggio
Percentile per numero di risposta
I tuoi punteggi nel tempo
Non hai fatto questo quiz dall'ultimo reset